000 00447nam a2200169Ia 4500
999 _c28471
_d28471
003 OSt
005 20250604111919.0
008 250310s9999||||xx |||||||||||||| ||und||
040 _c.
082 _a510.2462
_bS9252
100 _91183
_aStroud, K. A.
245 0 _aEngineering mathematics, programmes and problems /
_cK. A Stroud
260 _aLondon :
_bMacmillan,
_c1982.
300 _axix, 894 p.
650 0 _931
_aMathematics
942 _cBK
_2ddc